[Event "SUI-ch 111th"]
[Site "Leukerbad"]
[Date "2011.07.15"]
[Round "9"]
[White "Kosteniuk, Alexandra"]
[Black "Leib, Agripa"]
[Result "1-0"]
[WhiteElo "2497"]
[BlackElo "2223"]
[PlyCount "79"]
[EventDate "2011.07.07"]
[EventType "swiss"]
[EventRounds "9"]
[EventCountry "SUI"]
[SourceTitle "CBM 143 Extra"]
[Source "ChessBase"]
[SourceDate "2011.08.29"]
[SourceVersion "1"]
[SourceVersionDate "2011.08.29"]
[SourceQuality "1"]

1. d4 Nf6 2. c4 e6 3. Nf3 c5 4. d5 exd5 5. cxd5 g6 6. Nc3 Bg7 7. Bf4 O-O 8. Bd6
Re8 9. Bxc5 Ne4 10. Bd4 Nxc3 11. bxc3 d6 12. e3 Bg4 13. Bxg7 Kxg7 14. Bb5 Re4
15. Qd3 Bxf3 16. gxf3 Re7 17. Qd4+ f6 18. h4 Nd7 19. h5 Ne5 20. Be2 Qa5 21.
hxg6 hxg6 22. Kf1 Ree8 23. Kg2 Rh8 24. Rab1 b6 25. a4 Rac8 26. f4 Nf7 27. Rxh8
Nxh8 28. Rb3 Nf7 29. Bb5 Rc5 30. e4 Rc8 31. Qd3 Rc7 32. Rb4 Rc5 33. Qg3 Rc7 34.
Qe3 Rc8 35. Qh3 Rh8 36. Qe6 Rf8 37. Rc4 a6 38. Be8 b5 39. axb5 axb5 40. Rc6 1-0

[Event "Rostov on Don FIDE GP (Women)"]
[Site "Rostov on Don"]
[Date "2011.08.07"]
[Round "5"]
[White "Kosteniuk, Alexandra"]
[Black "Koneru, Humpy"]
[Result "0-1"]
[WhiteElo "2497"]
[BlackElo "2614"]
[PlyCount "136"]
[EventDate "2011.08.02"]
[EventType "tourn"]
[EventRounds "11"]
[EventCountry "RUS"]
[EventCategory "12"]
[SourceTitle "CBM 144"]
[Source "ChessBase"]
[SourceDate "2011.09.16"]
[SourceVersion "1"]
[SourceVersionDate "2011.09.16"]
[SourceQuality "1"]

1. e4 e5 2. Nf3 Nc6 3. Bb5 a6 4. Ba4 Nf6 5. O-O Be7 6. Re1 b5 7. Bb3 d6 8. c3
O-O 9. h3 Nb8 10. d4 Nbd7 11. Nbd2 Bb7 12. Bc2 Re8 13. Nf1 Bf8 14. Ng3 g6 15.
a4 Bg7 16. Bd3 c6 17. Bg5 Nf8 18. Qd2 Ne6 19. Bh6 Nd7 20. Bxg7 Kxg7 21. Bc2 Qf6
22. Red1 Rad8 23. axb5 cxb5 24. d5 Nf4 25. Qe3 Rc8 26. Nd2 h5 27. Rdc1 Rc7 28.
Bd1 Nc5 29. Nf3 h4 30. Nf1 Qe7 31. Bc2 f5 32. exf5 Nxd5 33. Qe1 gxf5 34. Ne3
Nxe3 35. fxe3 Bxf3 36. gxf3 e4 37. Qd2 exf3 38. Qd4+ Kf7 39. Bxf5 Qg5+ 40. Qg4
Qxg4+ 41. Bxg4 Rxe3 42. Rf1 Na4 43. Bxf3 Kg7 44. Kf2 Rd3 45. Rg1+ Kf8 46. Be4
Rf7+ 47. Kg2 Rg3+ 48. Kh2 Rf2+ 49. Bg2 Rxb2 50. Raf1+ Ke7 51. Rf4 Nxc3 52. Rxh4
Rg7 53. Re1+ Kd7 54. Rg4 Rxg4 55. hxg4 b4 56. g5 Re2 57. Rxe2 Nxe2 58. Bf1 Nc1
59. Bxa6 b3 60. g6 Ke7 61. Bb7 b2 62. Be4 Ne2 63. Bd3 Nc3 64. Kg3 Kf6 65. Kf4
b1=Q 66. Bxb1 Nxb1 67. Ke4 Nc3+ 68. Kd4 Nb5+ 0-1

[Event "Rostov on Don FIDE GP (Women)"]
[Site "Rostov on Don"]
[Date "2011.08.08"]
[Round "6"]
[White "Galliamova, Alisa"]
[Black "Kosteniuk, Alexandra"]
[Result "1/2-1/2"]
[WhiteElo "2492"]
[BlackElo "2497"]
[PlyCount "123"]
[EventDate "2011.08.02"]
[EventType "tourn"]
[EventRounds "11"]
[EventCountry "RUS"]
[EventCategory "12"]
[SourceTitle "CBM 144"]
[Source "ChessBase"]
[SourceDate "2011.09.16"]
[SourceVersion "1"]
[SourceVersionDate "2011.09.16"]
[SourceQuality "1"]

1. d4 Nf6 2. c4 e6 3. Nc3 Bb4 4. Qc2 d5 5. cxd5 exd5 6. Bg5 h6 7. Bh4 g5 8. Bg3
Ne4 9. f3 Nxg3 10. hxg3 Bd6 11. O-O-O c6 12. e4 dxe4 13. fxe4 Qa5 14. Bc4 Na6
15. Qf2 f5 16. d5 Qc5 17. Qe2 b5 18. Bb3 b4 19. e5 Be7 20. Qh5+ Kd8 21. d6 Bf8
22. d7 Bxd7 23. e6 Rh7 24. exd7 Re7 25. Nf3 bxc3 26. Rhe1 Kc7 27. Rxe7 Bxe7 28.
Nd4 Kb6 29. Qe2 Nc7 30. Kb1 Rd8 31. bxc3 Rxd7 32. Qb2 Qa3 33. Qxa3 Bxa3 34.
Nxf5 Rxd1+ 35. Bxd1 Bf8 36. g4 Nd5 37. Kc2 Kc5 38. Bf3 Ne7 39. Nd4 Kd6 40. c4
Bg7 41. c5+ Kd7 42. Nb3 Ke6 43. Kd3 Bb2 44. Na5 Ba3 45. Kd4 Bb2+ 46. Ke4 Ba3
47. Kd4 Bb2+ 48. Kc4 Kd7 49. Kb4 Bd4 50. Nb3 Be3 51. Kc4 Ng6 52. Kd3 Bg1 53.
Be4 Ne5+ 54. Kc3 Kc7 55. Bf5 Nd7 56. Bxd7 Kxd7 57. Kd3 Ke6 58. Ke4 Bf2 59. Kf3
Bg1 60. Ke4 Bf2 61. Kf3 Bg1 62. Ke4 1/2-1/2

[Event "Rostov on Don FIDE GP (Women)"]
[Site "Rostov on Don"]
[Date "2011.08.09"]
[Round "7"]
[White "Kosteniuk, Alexandra"]
[Black "Ruan, Lufei"]
[Result "1/2-1/2"]
[WhiteElo "2497"]
[BlackElo "2479"]
[PlyCount "94"]
[EventDate "2011.08.02"]
[EventType "tourn"]
[EventRounds "11"]
[EventCountry "RUS"]
[EventCategory "12"]
[SourceTitle "CBM 144"]
[Source "ChessBase"]
[SourceDate "2011.09.16"]
[SourceVersion "1"]
[SourceVersionDate "2011.09.16"]
[SourceQuality "1"]

1. e4 e5 2. Nf3 Nc6 3. Bb5 Nf6 4. d3 Bc5 5. O-O d6 6. c3 O-O 7. Nbd2 Bb6 8. Nc4
Ne7 9. Nxb6 axb6 10. Ba4 Ng6 11. Bc2 h6 12. h3 Re8 13. Re1 Be6 14. a3 d5 15. d4
dxe4 16. Nxe5 Nxe5 17. dxe5 Qxd1 18. Rxd1 Nd7 19. Bxe4 Nc5 20. Re1 Nxe4 21.
Rxe4 Bf5 22. Re2 Red8 23. Be3 Rd5 24. g4 Be6 25. f4 Rd3 26. Kf2 Rad8 27. Ree1
Bb3 28. a4 Ra8 29. Ra3 Bd1 30. f5 h5 31. Ra1 Rad8 32. gxh5 Bxh5 33. a5 bxa5 34.
Rxa5 R3d5 35. Rxd5 Rxd5 36. Bf4 f6 37. Re4 fxe5 38. Bxe5 c6 39. Kg3 Kf7 40. Kh4
Bd1 41. Re1 Bc2 42. Kg5 Rd1 43. Re3 Rf1 44. Bf4 Rg1+ 45. Rg3 Rxg3+ 46. Bxg3 b5
47. Kf4 g6 1/2-1/2

[Event "Rostov on Don FIDE GP (Women)"]
[Site "Rostov on Don"]
[Date "2011.08.10"]
[Round "8"]
[White "Kosteniuk, Alexandra"]
[Black "Muzychuk, Anna"]
[Result "1/2-1/2"]
[WhiteElo "2497"]
[BlackElo "2538"]
[PlyCount "108"]
[EventDate "2011.08.02"]
[EventType "tourn"]
[EventRounds "11"]
[EventCountry "RUS"]
[EventCategory "12"]
[SourceTitle "CBM 144"]
[Source "ChessBase"]
[SourceDate "2011.09.16"]
[SourceVersion "1"]
[SourceVersionDate "2011.09.16"]
[SourceQuality "1"]

1. d4 f5 2. g3 Nf6 3. Bg2 g6 4. c4 Bg7 5. Nf3 O-O 6. O-O d6 7. Nc3 Qe8 8. d5
Na6 9. Rb1 c5 10. dxc6 bxc6 11. Nd4 Bd7 12. a3 Rc8 13. Nb3 Qf7 14. Na5 Nc5 15.
Be3 Nce4 16. Nxe4 fxe4 17. b4 a6 18. h3 d5 19. Nb7 Rb8 20. Nc5 e5 21. Nxa6 Ra8
22. b5 cxb5 23. cxb5 Bxb5 24. Rxb5 Rxa6 25. Qb3 d4 26. Qxf7+ Rxf7 27. Bc1 Re7
28. g4 h6 29. Bb2 Ree6 30. Rc1 Reb6 31. Rc8+ Bf8 32. a4 Kf7 33. f4 Rxb5 34.
axb5 Ra2 35. Bc1 exf4 36. Bxf4 d3 37. exd3 exd3 38. Bf3 Rb2 39. Rc7+ Ke6 40.
Rc6+ Kf7 41. Be5 Rb1+ 42. Kg2 Nd7 43. Bc3 Bb4 44. Bxb4 Rxb4 45. Rd6 Ne5 46.
Bd5+ Kg7 47. b6 d2 48. Bf3 Rb2 49. Bd1 Nc4 50. Rd7+ Kf6 51. b7 Ke6 52. Rd4 Ne3+
53. Kg1 Nxd1 54. Rxd2 Rxb7 1/2-1/2

[Event "Rostov on Don FIDE GP (Women)"]
[Site "Rostov on Don"]
[Date "2011.08.12"]
[Round "9"]
[White "Kosintseva, Nadezhda"]
[Black "Kosteniuk, Alexandra"]
[Result "1-0"]
[WhiteElo "2560"]
[BlackElo "2497"]
[PlyCount "103"]
[EventDate "2011.08.02"]
[EventType "tourn"]
[EventRounds "11"]
[EventCountry "RUS"]
[EventCategory "12"]
[SourceTitle "CBM 144"]
[Source "ChessBase"]
[SourceDate "2011.09.16"]
[SourceVersion "1"]
[SourceVersionDate "2011.09.16"]
[SourceQuality "1"]

1. e4 e5 2. Nf3 Nc6 3. Bb5 a6 4. Ba4 Nf6 5. O-O Bc5 6. c3 b5 7. Bb3 d6 8. d4
Bb6 9. Be3 Bg4 10. Nbd2 O-O 11. h3 Bh5 12. Bg5 Na5 13. dxe5 dxe5 14. Bc2 Re8
15. Qe2 h6 16. Bh4 Nb7 17. Rfd1 Nd6 18. a4 Rb8 19. Nf1 g5 20. Bg3 Nd7 21. N1h2
f5 22. exf5 e4 23. Ng4 Bxg4 24. hxg4 exf3 25. Qxf3 Ne5 26. Qd5+ Nef7 27. Bb3
Kg7 28. Re1 Nc4 29. Bxc4 bxc4 30. Qxc4 Qd2 31. Re6 Rxe6 32. Qxe6 Bc5 33. Re1
Rb6 34. f6+ Kg8 35. Qc8+ Bf8 36. Re8 Rxf6 37. Rxf8+ Kh7 38. Qe8 Qd5 39. Qe7 Kg6
40. Rg8+ Kh7 41. Rc8 Kg6 42. Kh2 c6 43. Rg8+ Kh7 44. Ra8 Kg6 45. Rxa6 Qc4 46.
Ra8 Qxg4 47. f3 Qc4 48. a5 h5 49. Rg8+ Kh7 50. Rxg5 Rf4 51. Rc5 Qa4 52. b3 1-0

[Event "Rostov on Don FIDE GP (Women)"]
[Site "Rostov on Don"]
[Date "2011.08.13"]
[Round "10"]
[White "Kosteniuk, Alexandra"]
[Black "Danielian, Elina"]
[Result "0-1"]
[WhiteElo "2497"]
[BlackElo "2521"]
[PlyCount "150"]
[EventDate "2011.08.02"]
[EventType "tourn"]
[EventRounds "11"]
[EventCountry "RUS"]
[EventCategory "12"]
[SourceTitle "CBM 144"]
[Source "ChessBase"]
[SourceDate "2011.09.16"]
[SourceVersion "1"]
[SourceVersionDate "2011.09.16"]
[SourceQuality "1"]

1. e4 c6 2. Nc3 d5 3. Nf3 Bg4 4. Be2 e6 5. d4 Nf6 6. h3 Bxf3 7. Bxf3 dxe4 8.
Nxe4 Nbd7 9. c3 Qc7 10. O-O Be7 11. Re1 O-O 12. b3 a5 13. Bb2 Rfd8 14. Nd2 c5
15. Qe2 a4 16. Ba3 axb3 17. axb3 Rxa3 18. Rxa3 cxd4 19. Ra7 Qxc3 20. Rxb7 Bb4
21. Qb5 Bd6 22. Rd1 Ne5 23. Be4 g6 24. Bb1 Ned7 25. Nc4 Bf8 26. Qg5 h6 27. Qh4
Nc5 28. Qxf6 Nxb7 29. Ne5 Qc7 30. Bxg6 fxg6 31. Qxe6+ Kh8 32. Nf7+ Kh7 33. Nxd8
Nxd8 34. Qe4 Bg7 35. b4 Qc4 36. Rb1 Ne6 37. h4 h5 38. f4 Nc7 39. f5 Qf7 40. Rf1
Ne8 41. g4 hxg4 42. h5 gxf5 43. Qf4 d3 44. b5 Nc7 45. b6 Nd5 46. Qc4 d2 47. Qd3
Nxb6 48. Qxd2 Nd5 49. Qd3 Ne7 50. Qd7 Qf6 51. Rd1 Qe5 52. Qd3 Nc6 53. h6 Qd4+
54. Kg2 Qxd3 55. Rxd3 Ne5 56. Rd6 Bxh6 57. Kg3 f4+ 58. Kh4 g3 59. Kh3 Bg7 60.
Re6 Ng6 61. Re1 Bd4 62. Kg2 Nh4+ 63. Kh3 Bf2 64. Re7+ Kg6 65. Re8 Kf7 66. Re4
Ng6 67. Kg2 Kf6 68. Ra4 Kf5 69. Kh3 Ne5 70. Kg2 f3+ 71. Kf1 Be3 72. Ra2 Ng4 73.
Ra5+ Kg6 74. Ra6+ Kf7 75. Ra2 Nh2+ 0-1

[Event "Rostov on Don FIDE GP (Women)"]
[Site "Rostov on Don"]
[Date "2011.08.14"]
[Round "11"]
[White "Kovalevskaya, Ekaterina"]
[Black "Kosteniuk, Alexandra"]
[Result "1-0"]
[WhiteElo "2427"]
[BlackElo "2497"]
[PlyCount "77"]
[EventDate "2011.08.02"]
[EventType "tourn"]
[EventRounds "11"]
[EventCountry "RUS"]
[EventCategory "12"]
[SourceTitle "CBM 144"]
[Source "ChessBase"]
[SourceDate "2011.09.16"]
[SourceVersion "1"]
[SourceVersionDate "2011.09.16"]
[SourceQuality "1"]

1. e4 c5 2. Nf3 Nc6 3. Bb5 Nf6 4. e5 Nd5 5. O-O Nc7 6. Be2 d6 7. exd6 Qxd6 8.
Nc3 e5 9. a3 Be7 10. b4 Bf5 11. bxc5 Qxc5 12. Rb1 O-O-O 13. Ne1 e4 14. Nb5 Ne6
15. d3 a6 16. Be3 Qe5 17. Na7+ Nxa7 18. Bxa7 h5 19. Qd2 Nf4 20. d4 Nxe2+ 21.
Qxe2 Qe6 22. c4 Bg4 23. Qe3 Qg6 24. d5 Rd7 25. Rb6 Qg5 26. Qg3 Rc7 27. d6 h4
28. Qe3 Qxe3 29. fxe3 Bg5 30. dxc7 Bxe3+ 31. Kh1 Be2 32. Rxf7 Bxc4 33. Rf5 Bd3
34. Rxb7 Kxb7 35. Bxe3 Kxc7 36. Nxd3 exd3 37. Rd5 Rb8 38. Rxd3 Rb1+ 39. Bg1 1-0

[Event "RUS-ch (Women) 61st"]
[Site "Moscow"]
[Date "2011.08.19"]
[Round "1"]
[White "Kosteniuk, Alexandra"]
[Black "Galliamova, Alisa"]
[Result "1-0"]
[WhiteElo "2497"]
[BlackElo "2492"]
[PlyCount "89"]
[EventDate "2011.08.08"]
[EventType "tourn"]
[EventRounds "9"]
[EventCountry "RUS"]
[EventCategory "7"]
[SourceTitle "CBM 144 Extra"]
[Source "ChessBase"]
[SourceDate "2011.10.28"]
[SourceVersion "1"]
[SourceVersionDate "2011.10.28"]
[SourceQuality "1"]

1. e4 c5 2. Nf3 e6 3. d4 cxd4 4. Nxd4 a6 5. Bd3 Bc5 6. Be3 d6 7. Qe2 Nf6 8. c3
O-O 9. Nd2 Nbd7 10. Bg5 h6 11. Bh4 Ne5 12. Bc2 Ng6 13. Bg3 Bxd4 14. cxd4 e5 15.
O-O Bd7 16. Rfd1 Qe7 17. a4 b5 18. Nf1 bxa4 19. Bxa4 Bxa4 20. Rxa4 Qb7 21. f3
Nh5 22. Bf2 Nhf4 23. Qd2 Rfb8 24. b4 Qb5 25. Rda1 Rc8 26. Ra5 Qb7 27. Ne3 exd4
28. Nf5 d5 29. Bg3 Nh5 30. Nd6 Qe7 31. Nxc8 Rxc8 32. Rxd5 Nxg3 33. hxg3 Rc6 34.
Qxd4 Kh7 35. f4 Nf8 36. e5 Rg6 37. Qe4 Qa7+ 38. Kh2 Qf2 39. Ra3 h5 40. Rd6 Ne6
41. Qf3 Qe1 42. f5 Rg4 43. fxe6 Qxe5 44. Rd1 Qxe6 45. Rf1 1-0

[Event "RUS-ch (Women) 61st"]
[Site "Moscow"]
[Date "2011.08.20"]
[Round "2"]
[White "Zaiatz, Elena"]
[Black "Kosteniuk, Alexandra"]
[Result "1-0"]
[WhiteElo "2419"]
[BlackElo "2497"]
[PlyCount "145"]
[EventDate "2011.08.08"]
[EventType "tourn"]
[EventRounds "9"]
[EventCountry "RUS"]
[EventCategory "7"]
[SourceTitle "CBM 144 Extra"]
[Source "ChessBase"]
[SourceDate "2011.10.28"]
[SourceVersion "1"]
[SourceVersionDate "2011.10.28"]
[SourceQuality "1"]

1. d4 d5 2. c4 e6 3. Nc3 c6 4. e4 dxe4 5. Nxe4 Bb4+ 6. Bd2 Qxd4 7. Bxb4 Qxe4+
8. Be2 c5 9. Bc3 f6 10. Nf3 Ne7 11. Nd2 Qf4 12. g3 Qc7 13. Bh5+ Ng6 14. h4 Nc6
15. Ne4 Ke7 16. Nxc5 Rd8 17. Qa4 Nce5 18. O-O Kf7 19. b4 Nd3 20. Rad1 Nxc5 21.
bxc5 Bd7 22. Qa3 b6 23. Rd6 Bc6 24. Rfd1 Rxd6 25. Rxd6 Rb8 26. Rd1 Rc8 27. cxb6
axb6 28. Kh2 Be8 29. Bd4 Kg8 30. Qe3 Qxc4 31. Be2 Qxa2 32. Rd2 Qd5 33. Bxf6 Qf5
34. Bb2 Bc6 35. h5 Nf8 36. Qd4 e5 37. Bc4+ Kh8 38. Qxe5 Qxe5 39. Bxe5 Nd7 40.
Bd4 Nf6 41. Be2 h6 42. Bxb6 Bd5 43. g4 Rc1 44. f3 Kg8 45. Bd4 Kf7 46. Kg3 Be6
47. Rb2 Rc7 48. Bd3 Nd7 49. Bg6+ Kf8 50. Re2 Rc6 51. Bb2 Kg8 52. Be4 Rb6 53.
Rc2 Rb3 54. Bd4 Nf6 55. Bxf6 gxf6 56. Rc6 Kf7 57. Rc7+ Kg8 58. Rh7 f5 59. Rxh6
fxe4 60. Rxe6 Rxf3+ 61. Kh4 e3 62. Kg5 Kf7 63. Re4 Kg7 64. Re8 Kf7 65. Re5 Kg7
66. h6+ Kf7 67. Re4 Rh3 68. Rf4+ Ke6 69. Kg6 Rh4 70. Re4+ Kd5 71. Rxe3 Rxg4+
72. Kh5 Rg1 73. Rh3 1-0

[Event "RUS-ch (Women) 61st"]
[Site "Moscow"]
[Date "2011.08.21"]
[Round "3"]
[White "Kosteniuk, Alexandra"]
[Black "Gunina, Valentina"]
[Result "0-1"]
[WhiteElo "2497"]
[BlackElo "2487"]
[PlyCount "84"]
[EventDate "2011.08.08"]
[EventType "tourn"]
[EventRounds "9"]
[EventCountry "RUS"]
[EventCategory "7"]
[SourceTitle "CBM 144 Extra"]
[Source "ChessBase"]
[SourceDate "2011.10.28"]
[SourceVersion "1"]
[SourceVersionDate "2011.10.28"]
[SourceQuality "1"]

1. e4 c6 2. d4 d5 3. e5 Bf5 4. Nf3 e6 5. Be2 c5 6. Be3 Qb6 7. Nc3 Nc6 8. Na4
Qa5+ 9. c3 cxd4 10. Nxd4 Nxd4 11. Bxd4 Ne7 12. Nc5 Qc7 13. b4 Nc6 14. f4 Be7
15. O-O O-O 16. Rc1 Rac8 17. Qd2 b6 18. Nb3 a5 19. Qe3 Qb7 20. bxa5 bxa5 21. g4
Be4 22. Nc5 Qb2 23. Nxe4 dxe4 24. Bb6 Rb8 25. Bc7 Bd8 26. Bxd8 Rfxd8 27. Rfd1
Ne7 28. c4 Qxa2 29. Qxe4 Qa3 30. Kf2 h5 31. Qe3 Qb2 32. h3 a4 33. f5 exf5 34.
e6 Rf8 35. gxh5 f4 36. Qe4 f3 37. Kxf3 fxe6+ 38. Kg2 Nf5 39. Kh2 Nd4 40. Rxd4
Rf2+ 41. Kg3 Rxe2 42. Qf3 Qxc1 0-1

[Event "RUS-ch (Women) 61st"]
[Site "Moscow"]
[Date "2011.08.22"]
[Round "4"]
[White "Kosteniuk, Alexandra"]
[Black "Shadrina, Tatiana"]
[Result "1-0"]
[WhiteElo "2497"]
[BlackElo "2373"]
[PlyCount "83"]
[EventDate "2011.08.08"]
[EventType "tourn"]
[EventRounds "9"]
[EventCountry "RUS"]
[EventCategory "7"]
[SourceTitle "CBM 144 Extra"]
[Source "ChessBase"]
[SourceDate "2011.10.28"]
[SourceVersion "1"]
[SourceVersionDate "2011.10.28"]
[SourceQuality "1"]

1. e4 e5 2. Nf3 Nc6 3. Bb5 a6 4. Ba4 Nf6 5. O-O Be7 6. Re1 b5 7. Bb3 O-O 8. a4
b4 9. d3 d6 10. a5 Be6 11. Nbd2 Rb8 12. Nc4 Qc8 13. h3 h6 14. Be3 Rd8 15. Ba4
Qb7 16. Nfd2 Nh7 17. Qf3 Bg5 18. Rf1 Ne7 19. Qg3 Ng6 20. Bxg5 Nxg5 21. Rfe1 Rf8
22. Bb3 Rbe8 23. d4 exd4 24. f4 Bxc4 25. Bxc4 Nxe4 26. Nxe4 d5 27. Bb3 dxe4 28.
Qxg6 c5 29. Qd6 Qc8 30. Bc4 Qf5 31. Rf1 e3 32. Bd3 Qe6 33. Qxc5 e2 34. Rfe1
Qe3+ 35. Kh1 Qf2 36. Qh5 b3 37. Rxe2 Qg3 38. Qg4 Qxg4 39. hxg4 Rxe2 40. Bxe2
bxc2 41. Rc1 f5 42. Rxc2 1-0

[Event "RUS-ch (Women) 61st"]
[Site "Moscow"]
[Date "2011.08.23"]
[Round "5"]
[White "Charochkina, Daria"]
[Black "Kosteniuk, Alexandra"]
[Result "1/2-1/2"]
[WhiteElo "2310"]
[BlackElo "2497"]
[PlyCount "77"]
[EventDate "2011.08.08"]
[EventType "tourn"]
[EventRounds "9"]
[EventCountry "RUS"]
[EventCategory "7"]
[SourceTitle "CBM 144 Extra"]
[Source "ChessBase"]
[SourceDate "2011.10.28"]
[SourceVersion "1"]
[SourceVersionDate "2011.10.28"]
[SourceQuality "1"]

1. d4 Nf6 2. c4 e6 3. Nc3 Bb4 4. Qc2 c5 5. dxc5 O-O 6. a3 Bxc5 7. Nf3 Nc6 8.
Bg5 b6 9. Rd1 h6 10. Bh4 Re8 11. e4 g5 12. Bg3 Nh5 13. e5 g4 14. Bh4 Be7 15.
Bxe7 Qxe7 16. Nd4 Bb7 17. Qe4 Qg5 18. Ndb5 Re7 19. Nd6 Rb8 20. Nxb7 Rxb7 21.
Be2 Nf4 22. Bxg4 Qxg4 23. g3 Nxe5 24. Qxe5 Ng6 25. Qe2 Qh3 26. Kd2 d5 27. Kc1
Rbc7 28. cxd5 exd5 29. Qf3 Qc8 30. Kb1 Ne5 31. Qxd5 Rxc3 32. bxc3 Qxc3 33. Qd8+
Kg7 34. Qxe7 Qb3+ 35. Kc1 Qc3+ 36. Kb1 Qb3+ 37. Kc1 Qc3+ 38. Kb1 Qb3+ 39. Kc1
1/2-1/2

[Event "RUS-ch (Women) 61st"]
[Site "Moscow"]
[Date "2011.08.25"]
[Round "6"]
[White "Kosteniuk, Alexandra"]
[Black "Kovanova, Baira"]
[Result "1/2-1/2"]
[WhiteElo "2497"]
[BlackElo "2354"]
[PlyCount "90"]
[EventDate "2011.08.08"]
[EventType "tourn"]
[EventRounds "9"]
[EventCountry "RUS"]
[EventCategory "7"]
[SourceTitle "CBM 144 Extra"]
[Source "ChessBase"]
[SourceDate "2011.10.28"]
[SourceVersion "1"]
[SourceVersionDate "2011.10.28"]
[SourceQuality "1"]

1. e4 e5 2. Nf3 Nc6 3. Bb5 a6 4. Ba4 Nf6 5. O-O Be7 6. Re1 b5 7. Bb3 d6 8. c3
O-O 9. h3 Be6 10. d4 Bxb3 11. axb3 Qc8 12. Bg5 Re8 13. d5 Nb8 14. Bxf6 Bxf6 15.
Na3 Nd7 16. Nc2 a5 17. b4 a4 18. Qd3 Qb7 19. Na3 Rab8 20. Rec1 Bd8 21. c4 bxc4
22. Rxc4 f5 23. exf5 Nf6 24. Ng5 Qxd5 25. Qc2 e4 26. Re1 Qxf5 27. Nxe4 Nxe4 28.
Rcxe4 Rf8 29. b5 d5 30. R4e2 Qxc2 31. Rxc2 Bf6 32. Rd1 Rfd8 33. Rdd2 Rd7 34.
Rc5 Re8 35. Kf1 Re4 36. g3 Rb4 37. Rcc2 Rb3 38. Ke2 Bxb2 39. Rxb2 Rxa3 40. Rd3
Ra1 41. b6 cxb6 42. Rxb6 h6 43. Ra6 d4 44. Kf3 Ra2 45. Kg4 Rxf2 1/2-1/2

[Event "RUS-ch (Women) 61st"]
[Site "Moscow"]
[Date "2011.08.26"]
[Round "7"]
[White "Pogonina, Natalija"]
[Black "Kosteniuk, Alexandra"]
[Result "1-0"]
[WhiteElo "2442"]
[BlackElo "2497"]
[PlyCount "109"]
[EventDate "2011.08.08"]
[EventType "tourn"]
[EventRounds "9"]
[EventCountry "RUS"]
[EventCategory "7"]
[SourceTitle "CBM 144 Extra"]
[Source "ChessBase"]
[SourceDate "2011.10.28"]
[SourceVersion "1"]
[SourceVersionDate "2011.10.28"]
[SourceQuality "1"]

1. e4 e5 2. Nf3 Nf6 3. Nxe5 d6 4. Nf3 Nxe4 5. Nc3 Nxc3 6. dxc3 Be7 7. Be3 Nd7
8. Qd2 Nf6 9. O-O-O O-O 10. Kb1 c5 11. h4 b5 12. h5 Rb8 13. h6 g6 14. Ng5 Rb6
15. Be2 Bd7 16. Bf3 Bf5 17. Rhe1 d5 18. Qe2 Qd7 19. Bc1 Re8 20. Qd2 Rd6 21. Qf4
Ra6 22. g4 Ra4 23. Qg3 Bxg4 24. Bxg4 Rxg4 25. Qf3 Ra4 26. Re5 Rf8 27. Rde1 Bd8
28. Qe2 Rh4 29. f3 b4 30. Qf2 Rc4 31. cxb4 cxb4 32. b3 Rc3 33. Qd4 a5 34. Bb2
Rc6 35. Qd2 d4 36. Qxd4 Rd6 37. Qg1 Bb6 38. Qf1 Bd4 39. Bxd4 Rxd4 40. Ne4 Nxe4
41. fxe4 Rc8 42. Rd5 Qc6 43. Qe2 Qc3 44. Qf2 Rd8 45. Rf1 f5 46. Rxd8+ Rxd8 47.
Qb6 Re8 48. Rd1 Qf3 49. Qd4 Re7 50. Qc4+ Kf8 51. Rd8+ Re8 52. Qc5+ Kf7 53. Qd5+
Kf8 54. Qd6+ Kf7 55. Rd7+ 1-0

[Event "RUS-ch (Women) 61st"]
[Site "Moscow"]
[Date "2011.08.27"]
[Round "8"]
[White "Kosteniuk, Alexandra"]
[Black "Girya, Olga"]
[Result "1/2-1/2"]
[WhiteElo "2497"]
[BlackElo "2371"]
[PlyCount "120"]
[EventDate "2011.08.08"]
[EventType "tourn"]
[EventRounds "9"]
[EventCountry "RUS"]
[EventCategory "7"]
[SourceTitle "CBM 144 Extra"]
[Source "ChessBase"]
[SourceDate "2011.10.28"]
[SourceVersion "1"]
[SourceVersionDate "2011.10.28"]
[SourceQuality "1"]

1. e4 c6 2. d4 d5 3. e5 Bf5 4. Nf3 e6 5. Be2 c5 6. Be3 cxd4 7. Nxd4 Ne7 8. c4
Nbc6 9. Qa4 a6 10. Nd2 Qd7 11. cxd5 Nxd4 12. Qxd4 Nxd5 13. O-O Rc8 14. Nc4 Nxe3
15. Qxe3 Bc5 16. Qg3 O-O 17. Rfd1 Qb5 18. Rd2 Rfd8 19. Nd6 Qb4 20. Rad1 Bxd6
21. a3 Qa4 22. exd6 Rd7 23. h4 h6 24. b4 Qc6 25. Bf3 Be4 26. Bg4 Qc3 27. Qf4
Bc6 28. Rd3 Qf6 29. Qg3 Ba4 30. Re1 Rc4 31. Bf3 Rd4 32. Rxd4 Qxd4 33. Rc1 Rxd6
34. Bxb7 Bb5 35. Bf3 Rd8 36. h5 Qb2 37. Qc7 Rf8 38. Rc3 Be2 39. Rc2 Qa1+ 40.
Rc1 Qb2 41. Qc3 Qxc3 42. Rxc3 Bxf3 43. gxf3 Rd8 44. Rc6 a5 45. b5 Rd1+ 46. Kg2
Rb1 47. b6 Kh7 48. Kg3 g6 49. Rc7 Kg7 50. hxg6 Kxg6 51. b7 h5 52. a4 f6 53. f4
Rb3+ 54. f3 Rb2 55. Re7 Kf5 56. Rh7 Kg6 57. Rc7 Rb1 58. Re7 Kf5 59. Rh7 Kg6 60.
Rc7 Rb2 1/2-1/2

[Event "RUS-ch (Women) 61st"]
[Site "Moscow"]
[Date "2011.08.28"]
[Round "9"]
[White "Bodnaruk, Anastasia"]
[Black "Kosteniuk, Alexandra"]
[Result "1/2-1/2"]
[WhiteElo "2431"]
[BlackElo "2497"]
[PlyCount "91"]
[EventDate "2011.08.08"]
[EventType "tourn"]
[EventRounds "9"]
[EventCountry "RUS"]
[EventCategory "7"]
[SourceTitle "CBM 144 Extra"]
[Source "ChessBase"]
[SourceDate "2011.10.28"]
[SourceVersion "1"]
[SourceVersionDate "2011.10.28"]
[SourceQuality "1"]

1. e4 e5 2. Nf3 Nf6 3. Nxe5 d6 4. Nf3 Nxe4 5. d4 d5 6. Bd3 Bd6 7. O-O O-O 8. c4
c6 9. Nc3 Nxc3 10. bxc3 dxc4 11. Bxc4 Bg4 12. Be2 Nd7 13. Ne5 Bxe2 14. Qxe2 Qe7
15. f4 f6 16. Qc4+ Kh8 17. Nxd7 Qxd7 18. Qd3 f5 19. Bd2 Rfe8 20. Rfe1 b5 21. c4
b4 22. d5 a5 23. Kh1 Bc7 24. a3 bxa3 25. Rxa3 Rxe1+ 26. Bxe1 a4 27. g3 cxd5 28.
cxd5 Bb6 29. Bc3 Rc8 30. Kg2 Bc5 31. Ra2 a3 32. Be5 Rd8 33. Rd2 Bb4 34. Rd1 h6
35. Qa6 Kh7 36. Qb6 Bd6 37. Bxd6 Qxd6 38. Qxd6 Rxd6 39. Ra1 Rxd5 40. Rxa3 Rd2+
41. Kf3 Rxh2 42. Ra5 Kg6 43. Ra6+ Kh5 44. Ra5 Kg6 45. Ra6+ Kf7 46. Ra7+ 1/2-1/2

[Event "Saint Louis Kings-Queens 960"]
[Site "Saint Louis"]
[Date "2011.09.10"]
[Round "1"]
[White "Kosteniuk, Alexandra"]
[Black "Arnold, Marc Tyler"]
[Result "1-0"]
[WhiteElo "2469"]
[BlackElo "2505"]
[PlyCount "89"]
[EventDate "2011.09.10"]
[EventType "schev"]
[EventRounds "5"]
[EventCountry "USA"]
[SourceTitle "CBM 144 Extra"]
[Source "ChessBase"]
[SourceDate "2011.10.28"]
[SourceVersion "1"]
[SourceVersionDate "2011.10.28"]
[SourceQuality "1"]
[WhiteTeam "Queens"]
[BlackTeam "Kings"]

1. e4 c5 2. Nf3 d6 3. d4 cxd4 4. Nxd4 Nf6 5. Nc3 a6 6. Be2 e5 7. Nb3 Be7 8. O-O
O-O 9. a4 Nc6 10. Bf3 b6 11. Be3 Bb7 12. Re1 Qc7 13. Re2 Nb4 14. Rd2 Rac8 15.
Nc1 Rfd8 16. a5 bxa5 17. Nb3 d5 18. exd5 e4 19. Nxe4 Nfxd5 20. Bc5 Nb6 21. Bxe7
Qxe7 22. Nd6 Rxd6 23. Rxd6 Bxf3 24. gxf3 Nc4 25. Rd7 Qf6 26. c3 Nc6 27. Nd2
Nxb2 28. Qb3 Nd3 29. Ne4 Qg6+ 30. Kf1 Nce5 31. Rc7 Rf8 32. Ke2 Qf5 33. Nd2 Nf4+
34. Kd1 Rd8 35. Qc2 Qh3 36. Qe4 Qf1+ 37. Qe1 Qd3 38. Qe3 Qf1+ 39. Qe1 Qd3 40.
Qe3 Qf1+ 41. Qe1 Rxd2+ 42. Kxd2 Nxf3+ 43. Ke3 Qd3+ 44. Kxf4 g5+ 45. Kg4 1-0